<?xml version="1.0" encoding="UTF-8"?>
<record
    xmlns:xsi="http://www.w3.org/2001/XMLSchema-instance"
    xsi:schemaLocation="http://www.loc.gov/MARC21/slim http://www.loc.gov/standards/marcxml/schema/MARC21slim.xsd"
    xmlns="http://www.loc.gov/MARC21/slim">

  <leader>00908nam a2200157   4500</leader>
  <controlfield tag="008">759.972.86 R934y</controlfield>
  <datafield tag="020" ind1=" " ind2=" ">
    <subfield code="a">9879968530149</subfield>
  </datafield>
  <datafield tag="082" ind1=" " ind2=" ">
    <subfield code="a">759.972.86</subfield>
    <subfield code="b">R934y</subfield>
  </datafield>
  <datafield tag="100" ind1=" " ind2=" ">
    <subfield code="a">Ruiz, Sof&#xED;a</subfield>
    <subfield code="9">6496</subfield>
  </datafield>
  <datafield tag="245" ind1=" " ind2=" ">
    <subfield code="a">Yo soy los otros:</subfield>
    <subfield code="b">una fisonom&#xED;a propia</subfield>
  </datafield>
  <datafield tag="260" ind1=" " ind2=" ">
    <subfield code="a">San Jos&#xE9;, C.R.</subfield>
    <subfield code="b">Fundaci&#xF3;n Museos Banco Central</subfield>
    <subfield code="c">2013</subfield>
  </datafield>
  <datafield tag="300" ind1=" " ind2=" ">
    <subfield code="a">88 p.</subfield>
    <subfield code="b">ill (col)</subfield>
    <subfield code="c">11 x 8.5 cm</subfield>
  </datafield>
  <datafield tag="505" ind1=" " ind2=" ">
    <subfield code="t">Presentaci&#xF3;n</subfield>
    <subfield code="t">Agradecimientos</subfield>
    <subfield code="t">Introducci&#xF3;n</subfield>
    <subfield code="t">Acerca de la artista</subfield>
    <subfield code="t">Una fisonom&#xED;a propia &#xBF;Qui&#xE9;n soy yo para m&#xED;? &#xBF;Qui&#xE9;n soy yo para los otros?</subfield>
    <subfield code="t">M&#xE1;s all&#xE1; de lo retratado: asuntos de familia</subfield>
    <subfield code="t">Del jard&#xED;n del inconsciente a los refugios mentales</subfield>
    <subfield code="t">Desde los otros</subfield>
    <subfield code="t">M&#xE1;s all&#xE1; de lo real: la realidad</subfield>
    <subfield code="t">Una fisonom&#xED;a propia</subfield>
    <subfield code="t">Sof&#xED;a Ruiz</subfield>
    <subfield code="t">Cat&#xE1;logo de obras en exhibici&#xF3;n</subfield>
  </datafield>
  <datafield tag="650" ind1=" " ind2=" ">
    <subfield code="x">arte contempor&#xE1;neo</subfield>
    <subfield code="x">arte - exhibiciones</subfield>
    <subfield code="x">arte - pintura</subfield>
    <subfield code="x">pintura costarricense</subfield>
    <subfield code="9">6497</subfield>
  </datafield>
  <datafield tag="700" ind1=" " ind2=" ">
    <subfield code="a">Monge Picado, Mar&#xED;a Jos&#xE9; (curadora)</subfield>
    <subfield code="9">6498</subfield>
  </datafield>
  <datafield tag="999" ind1=" " ind2=" ">
    <subfield code="c">1542</subfield>
    <subfield code="d">1542</subfield>
  </datafield>
  <datafield tag="952" ind1=" " ind2=" ">
    <subfield code="0">0</subfield>
    <subfield code="1">0</subfield>
    <subfield code="2">ddc</subfield>
    <subfield code="4">0</subfield>
    <subfield code="7">0</subfield>
    <subfield code="a">LV</subfield>
    <subfield code="b">LV</subfield>
    <subfield code="c">Monograf&#xED;as</subfield>
    <subfield code="d">2018-07-07</subfield>
    <subfield code="l">0</subfield>
    <subfield code="o">759.972.86 R934y</subfield>
    <subfield code="p">004705</subfield>
    <subfield code="r">2018-07-07 00:00:00</subfield>
    <subfield code="w">2018-07-07</subfield>
    <subfield code="y">01</subfield>
  </datafield>
</record>
